00221nam a2200085Ia 4500008004100000100001200041245003800053260002900091650001500120190216s9999||||xx |||||||||||||| ||und|| aAgarwal 0aAvadhs Intelligence&Aptitude Test b"Avadh Prakashan , Agra" aReferences